000 00434pab a2200169 454500
008 180718b2008 xxu||||| |||| 00| 0 eng d
100 _aAnnigeri, V.B.
245 _aBurden of diseases: a micro level analysis for selected districts of Karnataka
260 _c2008
300 _ap.184-203.
362 _aJun
650 _aHealth service
700 _aNayantara, S.N.
773 _aSocial Change
908 _aN
909 _a79082
999 _c79082
_d79082